MDQL
is popping MORE tags! Check the
thread
!
Quizzes
Events
Quiz Creation
Community
Videos
Private Events
Remove Ads
Sign In
Join for FREE
Feedback
Dark Mode
Quiz Categories
Sports
Geography
Music
Movies
Television
Just For Fun
Miscellaneous
History
Literature
Language
Science
Gaming
Entertainment
Religion
Holiday
For Kids
Quiz Lab
Recent
Popular Today
Quiz Kudos Today
Editor Picks
Curator Picks
Quizzes by...
Day
Popularity
Type
Ratings
Length
Year
Community
Subscriptions
Recent Discussions
Orange Saloon
Badges
Playlists
Quests
Create
Leaderboards
Showdown
Live 5
Trivia Bingo
Activity
Puzzle Library
Sporcle Events
Private Events
Virtual Trivia
Globe League
Become a Host
Pub Owners
SporcleCon
Opinionation
Our Games
Videos
Blog
Mobile Apps
Partnerships
Remove Ads and Go Orange
Feedback
Movies
Disney
Marvel Cinematic Universe
Movie Resume
Movie Titles
Oscar
Actor
Actress
Director
Pixar
Role
Movie Quotes
Movie Characters
Box Office
Nominee
Best Picture
Star Wars
James Bond
Horror Movies
Movies
Disney
Marvel Cinematic Universe
Movie Resume
Movie Titles
Oscar
Actor
Actress
Director
Pixar
Role
Movie Quotes
Movie Characters
Box Office
Nominee
Best Picture
Star Wars
James Bond
Horror Movies
Random Quiz
Search Sporcle
×
Curator Pick
Curator Pick
Movies
Marvel Cinematic Universe
Click on answers out of a set of options
Click on answers out of a set of options
Multiple Choice
Best Score? Go Orange.
MCU: My Aim Is True Stats
Who or what is Hawkeye aiming at in each image?
By
shorlin
5m
12 Questions
1,761 Plays
1,761 Plays
1,761 Plays
Comments
Comments
Give Quiz Kudos
Give Quiz Kudos
-
- Ratings
hide this ad
Random Order
Randomize order of answers
Randomize order of answers
Replay
Link that replays current quiz
Next Quiz
Link to next quiz in quiz playlist
You Got
0%
They Got
Avg Score
73%
Avg Friend Score
Upgrade to see
Score Distribution
Jump to the score distribution portion of the page
Score
0/12
Timer
05:00
0
Plays Today
Question
Answer
Wrong Answers
Who or what is Clint's daughter Lila aiming at?
A target on a tree
87.4%
Thanos
1.1%
Ultron
1%
Hela
1.4%
Chitauri soldier
86.9%
Loki
6.5%
Hulk
2.7%
Thanos
3.9%
Ultron sentry
82.1%
Iron Man
4.5%
Vision
3.4%
Ebony Maw
6.4%
Loki
81.8%
Ultron
2.3%
Thanos
3.8%
The tesseract
4.4%
Vision
80.4%
Thanos
4.3%
Ultron sentry
9.8%
War Machine
5.2%
Helicarrier engine
78.7%
Helicarrier controls
5.4%
Iron Man
2.6%
Captain America
4.8%
HYDRA soldiers
71.3%
Ultron sentries
12.1%
Outriders (space dogs)
3.1%
Chitauri soldiers
4.6%
Thor
69.4%
Loki
12.5%
Destroyer
9.8%
Jane Foster
3.6%
Iron Man
67.2%
Ultron
11.1%
Black Panther
7.9%
Yellowjacket
5.7%
Helicarrier controls
59.2%
Helicarrier engine
15%
Nick Fury
14.2%
Maria Hill
5.4%
Outriders (space dogs)
57.3%
Ultron
5%
Black Widow
17.8%
HYDRA soldiers
12.6%
A wall
56.3%
A Chitauri chariot
27.1%
The tesseract
6.3%
Loki
8.8%
Quiz Playlist
Details
Report
Send in Message
Add To Playlist
Multiple Choice:
Click on answers out of a set of options
Random Order:
Randomize order of answers
Last Updated: May 18, 2020
Curator Pick in
Marvel Cinematic Universe
Quiz Scoreboard
CHALLENGE
Sign Up to Join the Scoreboard
Show All
Scores
Hide
Comments
May contain spoilers
Recently Published
Holiday 10x10 Sorting Gallery
by lukepisani3
Holiday
15m
Two Season TV Shows II
by 123Four
Television
10m
Image Sorting: Flags VI
by Barbecue
Geography
2m
More to Explore
Quiz From the Vault
Featured Blog Post
14 Easter Pick-up Lines to Find Eggs With
hide this ad
You Might Also Like...
Tags
Marvel Quiz
Marvel Cinematic Universe Quiz
Aim
Ant-Man
Avengers
Black Widow
Bow
Endgame
Hawkeye
Infinity War
Marvel Movie
Marvel Superheroes
Today's Top Quizzes in Movies
Browse Movies
hide this ad
Today's Top Quizzes in Marvel Cinematic Universe
Browse Marvel Cinematic Universe
Top Contributed Quizzes in Movies
1
The ultimate James Bond movie quiz
2
Find The 'Big' Movie
3
Find The 'Wild' Movie
4
Find The 'Blue' Movie
5
Movies By Plot
6
Hidden Star Wars Character II
7
25 Best Actor Nominees (1990s)
8
Hidden Star Wars Character III
9
😉 2024 Oscar Nominees by Emoji
10
Hidden Star Wars Character IV
Explore More
Trending Topics
Anime
Marvel
Harry Potter
NBA
Crossword
Disney
Kpop
WWE
Country
The Office
Pokémon
Song
Soccer
NFL
Puzzle
hide this ad
More By:
shorlin
Quiz
Plays
Rating
Category
Featured
Created
Historical Figures in Comic Books
35,930
4.53
History
May 15, 2019
Athletes in Comic Books
30,308
4.56
Sports
Aug 14, 2019
US Presidents in Comic Books II
30,304
4.63
History
Jun 7, 2019
US Presidents in Comic Books
29,732
4.80
History
May 31, 2019
Actors in Comic Books
29,705
4.65
Entertainment
Jun 5, 2019
Go to Creator's Profile
Score Distribution
Quiz Creator Spotlight
shorlin
Follow
Send a Message
Quizzes Created
-
Created Quiz Play Count
-
More By This Creator
Popular Quizzes Today
1
Find the US States - No Outlines Minefield
2
Colored Red Africa Blitz
3
Find the 'City' Movie
4
The Countries of the World
5
Find the US States
6
5x2 Blitz: Bands
7
Find the Countries of Europe - No Outlines Minefield
8
US States
More Movies Quizzes
Real Movie Sequels Part 4
Quiz Lab
Trending Quizzes
Colored Red Europe Blitz I
Colored Red Europe Blitz II
Colored Red Africa Blitz II
Colored Red Europe Blitz III
Colored Red Africa Blitz III
Recently Updated
Odd Team Out - Big 4 Players
pecheneg
Quick Pick: 20 Twenties
pecheneg
March Madness Men's Triple Doubles
pecheneg
How Do You Spell That?
pecheneg
Godzilla Movies
pecheneg
Grab Bag: 4-10 Letters
pecheneg
2024 March Madness Bracket
pecheneg
Famous TV Couples
Peacemaker
Champions League XIs: Real Madrid
pecheneg
Largest US Cities 1790-2010
pecheneg
Trending Topics
NBA
Kpop
Anime
Harry Potter
Marvel
Crossword
Disney
NFL
WWE
Pokémon
The Office
Soccer
Puzzle
Country
Song
Your Account Isn't Verified!
In order to create a playlist on Sporcle, you need to verify the email address you used during registration. Go to your
Sporcle Settings
to finish the process.
Report this User
Report this user for behavior that violates our
Community Guidelines
.
Details:
Send Report
Go to the Sporcle.com Mobile Site →
Comments